Future demographic development and its implications for educational and migration policies in the new EU member states with focus on the V4 countries

Gespeichert in:
Bibliographische Detailangaben
1. Verfasser: Lubyová, Martina
Weitere Verfasser: Sodomová, Eva
Format: Buchkapitel
Sprache:Englisch
Schlagworte:
Tags: Tag hinzufügen
Keine Tags, Fügen Sie das erste Tag hinzu!

MARC

LEADER 00000naa$a2200000$$$4500
001 0185730
005 20240502083438.4
041 0 |a eng 
044 |a PL 
245 1 0 |a Future demographic development and its implications for educational and migration policies in the new EU member states with focus on the V4 countries  |c Martina Lubyová, Eva Sodomová 
610 2 0 |a demografia 
610 2 0 |a populácia 
610 2 0 |a migrácia 
610 2 0 |a trh práce 
610 2 0 |a zamestnanosť 
610 2 0 |a vzdelávanie 
610 2 0 |a prognózy 
610 2 0 |a Vyšehradská štvorka 
610 2 0 |a Európska únia 
100 1 |a Lubyová, Martina 
700 1 |a Sodomová, Eva